Serie A Winners - Statistiques

Statistiques générales
  • Ce quiz a été pris 192 fois
  • Le résultat moyen est 91 sur 124
Statistiques - réponses
Année Winners % Correct
1905 | 1926 | 1931 | +33 others Juventus
99%
1901 | 1906 | 1907 | +15 others Ac Milan
98%
1910 | 1920 | 1930 | +16 others Inter Milan
98%
1987 | 1990 Naples
86%
1956 | 1969 Fiorentina
66%
1974 | 2000 Lazio Rome
64%
1942 | 1983 | 2001 As Rome
62%
1928 | 1943 | 1946 | +4 others Torino
55%
1898 | 1899 | 1900 | +6 others Genoa
42%
1991 Sampdoria
42%
1925 | 1929 | 1936 | +4 others Bologne
40%
1970 Cagliari
33%
1985 Hellas Verone
33%
1908 | 1909 | 1911 | +4 others Pro Vercelli
10%
1916 | 1917 | 1918 | +5 others -
7%
1914 Casale
4%
Aucun quiz correspondant
Distribution des résultats
% des personnes avec chaque résultat
Percentile par nombre de réponses
Votre historique - résultats
Vous n’avez pas pris ce quiz